000 00632nam a2200205 4500
003 OSt
005 20240726055317.0
006 a
008 240726b |||||||| |||| 00| 0 eng d
020 _a9781848728820
040 _aDWCL-Main lib.
_cOC
082 _2Second edition
_aCirc. 320.019 In61 2010
245 _aIntroduction to political psychology /
250 _aSecond edition
260 _aN.Y. :
_bPsychology Press,
_cc2010.
300 _axi,
_b404 p. : ill. ;
_c26 cm.
504 _aIncludes bibliographical references & index.
650 _a1. Political psychology.
942 _2ddc
_n0
_cBK-CIRC
_eSecond edition
_kCirc.
999 _c2805
_d2805